• Di Diodato Roberto

di Personal Name

Records bibliografici associati: 1

001 - CONTROL NUMBER

  • control field: 36537

003 - CONTROL NUMBER IDENTIFIER

  • control field: IT-RoPau

005 - DATE AND TIME OF LATEST TRANSACTION

  • control field: 20151125144821.0

008 - FIXED-LENGTH DATA ELEMENTS

  • fixed length control field: 151125|| aca||aabn | a|a d

040 ## - CATALOGING SOURCE

  • Original cataloging agency: IT-RoPau
  • Transcribing agency: IT-RoPau

100 ## - HEADING--PERSONAL NAME

  • Personal name: Di Diodato Roberto
  • Relator term: (regista)
  • Miscellaneous information: Codice regista SPICS: 55765

670 ## - SOURCE DATA FOUND

  • Source citation: Work cat.: (IT-RoPau)104584: Di Diodato Roberto Codice regista SPICS: 55765 36533, CAMMINO DI DIO CON L'UOMO (IL) - UNA STORIA DI SCHIAVITU' E LIBERAZIONE CAMMINO DI DIO CON L'UOMO (IL) - UNA STORIA DI SCHIAVITU' E LIBERAZIONE (Rif. Codice opera principale : H3884)
CREDITS: SOCIETA' SAN PAOLO Via A.Severo, 58 - ROMA (RM) & PERIODICI SAN PAOLO SRL Via Giotto, 36 MILANO & CISF Via Giotto, 36 MILANO & EDIZIONI SAN PAOLO SRL,  Piazza Soncino, 5 CINISELLO BALSAMO (MI) -- ITALY